LEADER 03843nam 22005892 450 001 996216716603316 005 20151109030844.0 010 $a1-139-81525-3 010 $a1-139-00038-1 035 $a(CKB)1000000000820147 035 $a(SSID)ssj0000371555 035 $a(PQKBManifestationID)11251657 035 $a(PQKBTitleCode)TC0000371555 035 $a(PQKBWorkID)10413062 035 $a(PQKB)11202970 035 $a(UkCbUP)CR9781139000383 035 $a(UK-CbPIL)2047940 035 $a(PPN)16745370X 035 $a(EXLCZ)991000000000820147 100 $a20110114d1995|||| uy| 0 101 0 $aeng 135 $aur||||||||||| 181 $ctxt$2rdacontent 182 $cc$2rdamedia 183 $acr$2rdacarrier 200 04$aThe Cambridge companion to American realism and naturalism /$fedited by Donald Pizer$b[electronic resource] 210 1$aCambridge :$cCambridge University Press,$d1995. 215 $a1 online resource (xvi, 287 pages) $cdigital, PDF file(s) 225 1 $aCambridge companions to literature 300 $aTitle from publisher's bibliographic system (viewed on 09 Nov 2015). 311 $a0-521-43876-4 311 $a0-521-43300-2 327 $aIntroduction : The problem of definition / Donald Pizer -- The American background / Louis J. Budd -- The European background / Richard Lehan -- Recent critical approaches / Michael Anesko -- Expanding the canon of American realism / Elizabeth Ammons -- The portrait of a lady and The rise of Silas Lapham : the company they kept / John W. Crowley -- The realism of Adventures of Huckleberry Finn / Tom Quirk -- The red badge of courage & McTeague : passage to modernity / J.C. Levenson -- What more can Carrie want? Naturalistic ways of consuming women / Blanche H. Gelfant -- The awakening & The house of mirth : plotting experience and experiencing plot / Barbara Hochman -- The call of the wild & The jungle : Jack London's & Upton Sinclair's animal and human jungles / Jacqueline Tavernier-Courbin -- Troubled black humanity in The souls of black folk & The autobiography of an ex-colored man / Kenneth W. Warren. 330 $aThis Companion examines a number of issues related to the terms realism and naturalism. The introduction seeks both to discuss the problems in the use of these two terms in relation to late nineteenth-century fiction and to describe the history of previous efforts to make the terms expressive of American writing of this period. The Companion includes ten essays which fall into four categories: essays on the historical context of realism and naturalism by Louis Budd and Richard Lehan; essays on critical approaches to the movements since the early 1970s by Michael Anesko, essays on the efforts to expand the canon of realism and naturalism by Elizabeth Ammons; and a full-scale discussion of ten major texts, from W. D. Howell's The Rise of Silas Lapham to Jack London's The Call of the Wild, by John W. Crowley, Tom Quirk, J. C. Levenson, Blanche Gelfant, Barbara Hochman, and Jacqueline Tavernier-Courbin. 410 0$aCambridge companions to literature. 517 3 $aThe Cambridge Companion to American Realism & Naturalism 606 $aAmerican fiction$y19th century$xHistory and criticism 606 $aRealism in literature 606 $aNaturalism in literature 606 $aAmerican fiction$y19th century$xHandbooks, manuals, etc 615 0$aAmerican fiction$xHistory and criticism. 615 0$aRealism in literature. 615 0$aNaturalism in literature. 615 0$aAmerican fiction$xHandbooks, manuals, etc. 676 $a810.9/12 702 $aPizer$b Donald 801 0$bUkCbUP 801 1$bUkCbUP 906 $aBOOK 912 $a996216716603316 996 $aThe Cambridge companion to American realism and naturalism$92493378 997 $aUNISA